Normal view
MARC view
- Bismal, Gulam Mustafa
Entry Personal Name
001 - CONTROL NUMBER
- control field: 16636
003 - CONTROL NUMBER IDENTIFIER
- control field: NUST
005 - DATE AND TIME OF LATEST TRANSACTION
- control field: 20190704050243.0
008 - FIXED-LENGTH DATA ELEMENTS
- fixed length control field: 190704|| aca||aabn | a|a d
040 ## - CATALOGING SOURCE
- Original cataloging agency: NUST
- Transcribing agency: NUST
100 ## - HEADING--PERSONAL NAME
- Personal name: Bismal, Gulam Mustafa
670 ## - SOURCE DATA FOUND
- Source citation: Work cat.: (NUST): Bismal, Gulam Mustafa, Partan /, 1999.
